| 000 | 00534nam a2200157Ia 4500 | ||
|---|---|---|---|
| 008 | 090124s9999 xx 000 0 und d | ||
| 082 |
_b17970 _a1916 |
||
| 245 | _a संपूर्ण मराठी तुलसी रामायण | ||
| 250 | _a6 | ||
| 260 | _c1970 | ||
| 300 | _a8+504 | ||
| 630 | _a संपूर्ण मराठी तुलसी रामायण | ||
| 700 | _aजोशी ना.भा. | ||
| 730 | _a संपूर्ण मराठी तुलसी रामायण | ||
| 942 | _cBOOK | ||
| 999 |
_c131911 _d131911 |
||